| 000 | 00647nam a2200241Ia 4500 | ||
|---|---|---|---|
| 008 | 160803s9999 xx 000 0 und d | ||
| 020 | _a0 439909007 | ||
| 100 | _aDenega, Danielle | ||
| 245 | _aGraduation Day | ||
| 245 | _cby Danielle Denega ; illustrated by Jay Johnson. | ||
| 260 | _aNew York : | ||
| 260 | _bScholastic Inc. | ||
| 260 | _c2007 | ||
| 300 | _a1 volume (unpaged) : | ||
| 300 | _bcolor illustrations ; | ||
| 300 | _c21 cm. | ||
| 500 | _a"Clifford's puppy days on PBS Kids"--Cover. | ||
| 650 | _aDogs -- | ||
| 650 | _aPuppies -- | ||
| 650 | _xJuvenile fiction. | ||
| 650 | _xJuvenile fiction. | ||
| 700 | _aNA | ||
| 999 |
_c299366 _d299366 |
||